BSOP header

The Acts of the apostles : (Record no. 16697)

MARC details
000 -LEADER
fixed length control field 00563nam a2200157 4500
008 - FIXED-LENGTH DATA ELEMENTS--GENERAL INFORMATION
fixed length control field 030821s1922 us 0 eng
090 ## - LOCALLY ASSIGNED LC-TYPE CALL NUMBER (OCLC); LOCAL CALL NUMBER (OCLC)
Classification number (OCLC) (R) ; Classification number, CALL (RLIN) (NR) BS2625
Local cutter number (OCLC) ; Book number/undivided call number, CALL (RLIN) B47cb
100 1# - MAIN ENTRY--PERSONAL NAME
Personal name Blunt, A. W. F.
245 10 - TITLE STATEMENT
Title The Acts of the apostles :
Remainder of title in the revised version with intro. and commentary /
Statement of responsibility, etc A. W. F. Blunt.
260 ## - PUBLICATION, DISTRIBUTION, ETC. (IMPRINT)
Place of publication, distribution, etc Oxford :
Name of publisher, distributor, etc Clarendon Press,
Date of publication, distribution, etc c1922.
300 ## - PHYSICAL DESCRIPTION
Extent 272 p. :
Other physical details ills., maps
490 1# - SERIES STATEMENT
Series statement The Clarendon Bible
504 ## - BIBLIOGRAPHY, ETC. NOTE
Bibliography, etc Biblio: p.50
650 #4 - SUBJECT ADDED ENTRY--TOPICAL TERM
Topical term or geographic name as entry element Bible. N.T. Acts
General subdivision Commentaries.
951 ## - EQUIVALENCE OR CROSS-REFERENCE-GEOGRAPHIC NAME/AREA NAME [OBSOLETE] [CAN/MARC only]
General subdivision 00007234
951 ## - EQUIVALENCE OR CROSS-REFERENCE-GEOGRAPHIC NAME/AREA NAME [OBSOLETE] [CAN/MARC only]
-- 4820
-- BS2625/B47cb
-- 070613111307062
-- 2000-12-21
-- GC
Holdings
Withdrawn status Lost status Damaged status Not for loan Home library Current library Shelving location Date acquired Accession number Shelving control number Total Checkouts Full call number Barcode Date last seen Price effective from Koha item type
        BSOP Library BSOP Library GC 12/21/2000 4820 127   BS2625/B47cb 00007234 02/23/2013 02/23/2013 Books
BSOP

Biblical Seminary of the Philippines
  All rights Reserved
  © 2024

CONTACT INFORMATION

Biblical Seminary of the Philippines,
  77-B Karuhatan Road, Valenzuela City,
  PHILIPPINES 1441
  Phone: +632 8292-6795 / 8292-6798
  Fax : +632 8292-6675
  Email: library@bsop.edu.ph